Вагоны и вагонное хозяйство. 2017, № 4 (52) (Запись № 11101704)

Подробности
000 -МАРКЕР
контрольное поле 01076nam2a2200205 4500
001 - ИДЕНТИФИКАТОР ЗАПИСИ
контрольное поле RU\NLR\PER_A\002665103_000810
005 - ИДЕНТИФИКАТОР ВЕРСИИ
контрольное поле 20250626103159.0
035 ## - ДРУГИЕ СИСТЕМНЫЕ НОМЕРА
Идентификатор записи (NLR Aleph) 011645316
100 ## - ДАННЫЕ ОБЩЕЙ ОБРАБОТКИ
Данные общей обработки 20180301d2017 |||y0rusy50 ca
101 0# - ЯЗЫК РЕСУРСА
Язык текста, звукозаписи и т.д. русский
102 ## - СТРАНА ПУБЛИКАЦИИ ИЛИ ПРОИЗВОДСТВА
Страна публикации Российская Федерация
200 0# - ЗАГЛАВИЕ И СВЕДЕНИЯ ОБ ОТВЕТСТВЕННОСТИ
Основное заглавие 2017, № 4 (52)
210 ## - ПУБЛИКАЦИЯ, РАСПРОСТРАНЕНИЕ И ДР.
Дата издания, распространения и т.д. 2017
Место издания, распространения и т.д. Б. м.
461 #0 - УРОВЕНЬ НАБОРА
Встроенное поле 001RU\NLR\Per\487516
-- 2001#$aВагоны и вагонное хозяйство$eежеквартальный производственно-технический и научно-популярный журнал$eприложение к журналу "Локомотив"$v2017, № 4 (52)
Системный номер (АБИС) связанной записи 3994441
Место публикации Москва
Дата публикации 2005 -
Имя издателя, распространителя и т.д. [б. и.]
Сведения, относящиеся к заглавию ежеквартальный производственно-технический и научно-популярный журнал : приложение к журналу "Локомотив"
Заглавие Вагоны и вагонное хозяйство
ISSN 1817-6089
Номер тома 2017, № 4 (52)
852 ## - МЕСТОНАХОЖДЕНИЕ И ШИФР ХРАНЕНИЯ
Идентификатор организации NLR
Шифр хранения (Call Number) П11/5303
942 ## - ДОПОЛНИТЕЛЬНЫЕ ЭЛЕМЕНТЫ ЗАПИСИ (АБИС)
Тип экземпляра АБИС Выпуск
980 ## - КОЛЛЕКЦИЯ
Название коллекции Национальная библиография
980 ## - КОЛЛЕКЦИЯ
Название коллекции Русская периодика

Нет доступных экземпляров.